| 000 | 00832nam a22002297a 4500 | ||
|---|---|---|---|
| 999 |
_c20298 _d20298 |
||
| 003 | AR-CdUCM | ||
| 008 | 190329b ||||| |||| 00| 0 spa d | ||
| 020 | _a968-439-211-7 | ||
| 040 |
_aMUNICIPALIDAD PROVINCIAL DEL CUSCO _cBIBLIOTECA MUNICIPAL DEL CUSCO |
||
| 082 |
_a513 / _bB17 |
||
| 100 |
_aBaldor, Aurelio _926843 |
||
| 245 |
_aAlgebra : _bCon gráficos y 6523 ejercicios y problemas con respuestas / |
||
| 260 |
_aMéxico : _bPublicaciones Cultural, _c1998. |
||
| 300 |
_a576 paginas ; _bDiagramas, _c24 cm. |
||
| 505 | _aContenido: Álgebra -- Carácter del álgebra y su diferencia con la aritmética -- Notación algebraica... | ||
| 650 |
_aÁlgebra _919778 |
||
| 650 |
_aCuba _91821 |
||
| 650 |
_aTextos escolares _94527 |
||
| 650 |
_aProblemas, ejercicios _919962 |
||
| 942 |
_2ddc _cLIBROS |
||
| 945 |
_adavv _d2019-05-28 |
||